Ten short stories (Record no. 300229)

MARC details
000 -LEADER
fixed length control field 00416nam a2200157Ia 4500
008 - FIXED-LENGTH DATA ELEMENTS--GENERAL INFORMATION
fixed length control field 191130s9999##################000#0#eng##
020 ## - INTERNATIONAL STANDARD BOOK NUMBER
ISBN 9788173710209
Paper back/Hardbound pbk
041 ## - LANGUAGE CODE
Language code of text/sound track or separate title eng
082 ## - DEWEY DECIMAL CLASSIFICATION NUMBER
Classification number 823.914 JAT
245 ## - TITLE STATEMENT
Title Ten short stories
Statement of responsibility, etc edited by Jatin Mohanty
260 ## - PUBLICATION, DISTRIBUTION, ETC. (IMPRINT)
Place of publication Hydrabad
Name of publisher [publisher not identified]
300 ## - PHYSICAL DESCRIPTION
Number of Pages 116p, 20cm
700 ## - ADDED ENTRY--PERSONAL NAME
Personal name Mohanty, Jatin
942 ## - ADDED ENTRY ELEMENTS (KOHA)
Koha item type English Books
Holdings
Withdrawn status Lost status Damaged status Not for loan Home library Current library Shelving location Date acquired Full call number Accession Number Price effective from Koha item type
        Anna Centenary Library Anna Centenary Library 4TH FLOOR, B WING 15.10.2020 823.914 JAT 450902 15.10.2020 English Books

Find us on the map